000 00350nam a2200133Ia 4500
008 230917s9999||||xx |||||||||||||| ||und||
040 _e93867
_aMAIN
041 _aEnglish
082 _a616.01 J31E
100 _aJasjeet Kaur
245 0 _aEvaluation of elastest using antigen 60 in the seodiagnosis of tuberculosis
300 _a98 p.
942 _cTH
999 _c87481
_d87481